みんなでなくそう!!ちくちく言葉 - Statistics

General Stats
  • This quiz has been taken 1,176 times
  • The average score is 11 of 62
Answer Stats
Answer % Correct
ばか
80%
あほ
76%
死ね
75%
きえろ
65%
ごみ
52%
くそ
46%
きもい
46%
まぬけ
45%
カス
44%
くず
38%
ランランルー
35%
ブス
31%
デブ
31%
ホバーランランルー
29%
だまれ
26%
シャラップ
25%
ちび
23%
ホバーシャラップ
22%
きらい
20%
あっちいけ
19%
きもちわるい
19%
きたない
17%
じゃま
14%
おまえ
14%
どっかいけ
14%
いなくなれ
12%
どけ
12%
ばばあ
11%
うそつき
10%
うるせぇ
9%
いっしょに遊びたくない
9%
ふざけんな
8%
ださい
8%
ガキ
8%
ちかよるな
8%
てんこうしろ
8%
さっさと死ね
8%
ざまー
7%
さわるな
7%
よっわ
6%
へんなの
6%
顔も見たくない
6%
えぐい
6%
なんでだよ
6%
頭くるっちゃってんじゃない
6%
へたくそ
6%
友達やめる
6%
はやくしろよ
5%
おっそ
5%
さいてい
5%
ひどい
5%
いけないんだー
5%
なまいき
4%
ビリ
4%
もぅくんな
4%
なんだよ
4%
頭わるいね
4%
なにやってんの
4%
いらねー
4%
しゃべりたくない
3%
もうあいたくない
3%
ちがうし
3%
No matching quizzes found
Score Distribution
Percent of People with Each Score
Percentile by Number Answered
Your Score History
You have not taken this quiz